00546nam a22001937a 450000500170000001000130001702000230003003500130005303700160006604000120008208200170009410000190011124500570013026000460018727000260023330000210025965000420028065000300032220170124110252.0 aB-108058 c200.00a8170583403 aB-108058 bCen Lib/Ret aDPLbEN a181.499bAUR aAurobindo, Sri aSavitri :ba legend and a symbol /cby Sri Aurobindo aPondicherry bSri Aurobindo Ashram c2003 bPondicherry e605 002 a825p.c22cm(pbk) aSāvitrī (Hindu deity) -- Poetry.  aSāvitrī (Hindu deity)